00512nam a22002057a 450000500170000001000150001702000260003203500130005803500170007103500130008803700130010103700170011408200060013110000170013724500400015426000390019427000400023330000210027352000120029420170501100621.0 aENG-107556 a9788122200294c240.00 aEN-91089 aB-528159-163 aB-667551 bDBAD/PUB bKBD/Venadpl aN aDesai, Anita aBye-bye blackbird /cby Anita Desai aNew DelhibOrient Paperbacksc2012 a5A/8 Ansari RoadbNew Delhie110002 a224p.c20cm(pbk) a13-14EN